[Event "RUS-ch Higher League (Women) 75th"]
[Site "Lipetsk"]
[Date "2025.07.02"]
[Round "6"]
[White "Potapova, Margarita"]
[Black "Bodnaruk, Anastasia"]
[Result "1/2-1/2"]
[WhiteElo "2216"]
[BlackElo "2357"]
[PlyCount "111"]
[EventDate "2025.06.26"]
[EventType "swiss"]
[EventRounds "9"]
[EventCountry "RUS"]
[SourceTitle "CB28_2025"]
[SourceDate "2025.07.09"]
[SourceVersion "1"]
[SourceVersionDate "2025.07.09"]
[SourceQuality "1"]

1. d4 Nf6 2. c4 g6 3. Nc3 Bg7 4. e4 d6 5. h3 0-0 6. Be3 c6 7. Nf3 Na6 8. Be2 e5 9. d5 Nh5 10. g3 cxd5 11. cxd5 f5 12. exf5 gxf5 13. Bg5 Nf6 14. Qc2 Bd7 15. Nh4 e4 16. Qd2 Nc5 17. 0-0 f4 18. Qxf4 Bxh3 19. Nf5 Bxf5 20. Qxf5 Qb6 21. Rab1 Rae8 22. Be3 Qb4 23. a3 Qb3 24. Bf4 Nfd7 25. Qh5 Nf6 26. Qf5 Nfd7 27. Qh5 Nf6 28. Qh3 Nd3 29. Bxd6 Rf7 30. Qh4 Rd7 31. Bf4 Nxd5 32. Nxd5 Qxd5 33. Be3 Rc7 34. b4 b6 35. Bd1 Kh8 36. Kg2 Rc6 37. Rh1 h6 38. Bb3 Qe5 39. Qh5 Rd6 40. Rh4 Kh7 41. Qxe5 Rxe5 42. Rbh1 Rc6 43. Rg4 Rd6 44. Kf1 a5 45. Rhh4 axb4 46. axb4 Nxb4 47. Bf4 Nd3 48. Bxe5 Nxe5 49. Rxe4 Nf3 50. Bc2 Nd2+ 51. Ke2 Nxe4 52. Rxe4 Kg8 53. Bb3+ Kf8 54. f4 Bf6 55. g4 Rd4 56. Rxd4 1/2-1/2

[Event "Asia-ch (Women)"]
[Site "Al Ain"]
[Date "2025.05.15"]
[Round "9"]
[White "Bodnaruk, Anastasia"]
[Black "Pham, Le Thao Nguyen"]
[Result "1-0"]
[WhiteElo "2332"]
[BlackElo "2388"]
[PlyCount "83"]
[EventDate "2025.05.07"]
[EventType "swiss"]
[EventRounds "9"]
[EventCountry "UAE"]
[SourceTitle "CB21_2025"]
[SourceDate "2025.05.21"]
[SourceVersion "1"]
[SourceVersionDate "2025.05.21"]
[SourceQuality "1"]

1. e4 e5 2. Nf3 Nc6 3. Bb5 Nf6 4. d3 Bc5 5. Nbd2 0-0 6. Nb3 Bd6 7. 0-0 Re8 8. Bg5 h6 9. Bh4 g5 10. Bg3 a6 11. Bxc6 dxc6 12. Na5 c5 13. Re1 Nd7 14. Nc4 b5 15. Ne3 Nf8 16. h4 Ng6 17. hxg5 hxg5 18. Nh2 Kg7 19. Nf5+ Bxf5 20. exf5 Nf8 21. Qh5 Nh7 22. Ng4 f6 23. Qg6+ Kh8 24. Nh6 Rf8 25. Nf7+ Rxf7 26. Qxf7 Qc8 27. Qd5 Rb8 28. Qe4 Qg8 29. c3 Nf8 30. d4 Nd7 31. a4 b4 32. Qc6 Qh7 33. Qxa6 Qxf5 34. a5 Kg7 35. Qc6 bxc3 36. bxc3 cxd4 37. cxd4 Rb3 38. a6 Rxg3 39. a7 Nb6 40. fxg3 Qd3 41. Qe4 Qxg3 42. Re3 1-0

[Event "Asia-ch (Women)"]
[Site "Al Ain"]
[Date "2025.05.13"]
[Round "7"]
[White "Bodnaruk, Anastasia"]
[Black "Girya, Olga"]
[Result "1-0"]
[WhiteElo "2332"]
[BlackElo "2400"]
[PlyCount "93"]
[EventDate "2025.05.07"]
[EventType "swiss"]
[EventRounds "9"]
[EventCountry "UAE"]
[SourceTitle "CB21_2025"]
[SourceDate "2025.05.21"]
[SourceVersion "1"]
[SourceVersionDate "2025.05.21"]
[SourceQuality "1"]

1. e4 e5 2. Nf3 Nc6 3. Bc4 Bc5 4. c3 Nf6 5. d4 exd4 6. b4 Be7 7. e5 Ne4 8. b5 Na5 9. Bd3 Nc5 10. cxd4 Nxd3+ 11. Qxd3 d5 12. exd6 cxd6 13. d5 Bf6 14. Nd4 0-0 15. Be3 a6 16. Nc3 Bd7 17. 0-0 axb5 18. Ncxb5 Bxb5 19. Qxb5 Qe8 20. Qd3 Qa4 21. Rac1 Qxa2 22. Nf5 Qb3 23. Qxb3 Nxb3 24. Rb1 Na5 25. Nxd6 Rfd8 26. Bf4 Be7 27. Nf5 Bf8 28. d6 Nc4 29. Rfd1 Rd7 30. Rb4 Rc8 31. Re1 Rc5 32. Re8 f6 33. Nd4 Ra5 34. Rxc4 Ra1+ 35. Rc1 Rxc1+ 36. Bxc1 Kf7 37. Re1 Bxd6 38. Be3 Be5 39. Nb3 b5 40. Rb1 Rd5 41. Kf1 g5 42. h3 Kg6 43. Nc5 f5 44. f3 Bc3 45. g3 f4 46. gxf4 gxf4 47. Ne6 1-0

[Event "Asia-ch (Women)"]
[Site "Al Ain"]
[Date "2025.05.08"]
[Round "2"]
[White "Bodnaruk, Anastasia"]
[Black "Citra, Dewi Ardhiani Anast"]
[Result "1-0"]
[WhiteElo "2332"]
[BlackElo "2202"]
[PlyCount "37"]
[EventDate "2025.05.07"]
[EventType "swiss"]
[EventRounds "9"]
[EventCountry "UAE"]
[SourceTitle "CB21_2025"]
[SourceDate "2025.05.21"]
[SourceVersion "1"]
[SourceVersionDate "2025.05.21"]
[SourceQuality "1"]

1. e4 d5 2. exd5 Nf6 3. Nf3 Qxd5 4. Nc3 Qa5 5. d4 Bg4 6. h3 Bh5 7. g4 Bg6 8. Ne5 c6 9. Bc4 Nbd7 10. Nxg6 hxg6 11. Bd2 e6 12. Qe2 Bb4 13. 0-0-0 0-0-0 14. a3 Bxc3 15. Bxc3 Qc7 16. Qf3 Nb6 17. Bb3 Rd7 18. Kb1 Rhd8 19. Rd3 1-0

[Event "Asia-ch (Women)"]
[Site "Al Ain"]
[Date "2025.05.07"]
[Round "1"]
[White "Malikova, Marjona"]
[Black "Bodnaruk, Anastasia"]
[Result "0-1"]
[WhiteElo "2060"]
[BlackElo "2332"]
[PlyCount "73"]
[EventDate "2025.05.07"]
[EventType "swiss"]
[EventRounds "9"]
[EventCountry "UAE"]
[SourceTitle "CB21_2025"]
[SourceDate "2025.05.21"]
[SourceVersion "1"]
[SourceVersionDate "2025.05.21"]
[SourceQuality "1"]

1. d4 Nf6 2. c4 g6 3. g3 Bg7 4. Bg2 0-0 5. Nc3 Nc6 6. Nf3 d5 7. cxd5 Nxd5 8. e4 Nb6 9. d5 Na5 10. 0-0 c6 11. Nd4 e6 12. Nb3 Nac4 13. dxc6 bxc6 14. Qc2 a5 15. Rd1 Qe7 16. Nd2 Ne5 17. Nf3 Nxf3+ 18. Bxf3 a4 19. Be3 Nc4 20. Bd4 e5 21. Nxa4 exd4 22. Qxc4 Be6 23. Qc2 Qb4 24. b3 d3 25. Qxd3 Bxa1 26. Rxa1 Rfd8 27. Qc2 Rd2 28. Qxc6 Rc8 29. Qb6 Qa3 30. Kg2 Rcc2 31. Rf1 h5 32. Bd1 Rc1 33. Qb8+ Kh7 34. Bxh5 Rxf1 35. Bxg6+ Kg7 36. Qe5+ Kxg6 37. Qc3 0-1

[Event "RUS-chT (Women)"]
[Site "Sochi"]
[Date "2025.05.02"]
[Round "6.1"]
[White "Afonasieva, Anna"]
[Black "Bodnaruk, Anastasia"]
[Result "0-1"]
[WhiteElo "2112"]
[BlackElo "2332"]
[PlyCount "80"]
[EventDate "2025.04.26"]
[EventType "team-swiss"]
[EventRounds "9"]
[EventCountry "RUS"]
[SourceTitle "CB19_2025"]
[SourceDate "2025.05.07"]
[SourceVersion "1"]
[SourceVersionDate "2025.05.07"]
[SourceQuality "1"]
[WhiteTeam "Krym Kimmeriya (W)"]
[BlackTeam "St Petersburg SSHOR (W)"]
[WhiteTeamCountry "RUS"]
[BlackTeamCountry "RUS"]

1. d4 Nf6 2. c4 g6 3. Nc3 Bg7 4. e4 d6 5. f4 0-0 6. Nf3 c5 7. d5 e6 8. dxe6 fxe6 9. Bd3 Nc6 10. 0-0 Nd4 11. Bd2 e5 12. f5 gxf5 13. exf5 Bxf5 14. Nxd4 Bxd3 15. Ne6 Qd7 16. Nxf8 Rxf8 17. Rxf6 Rxf6 18. Qh5 Qf7 19. Qxf7+ Rxf7 20. g3 Bxc4 21. Ne4 Bf8 22. Bg5 Bd3 23. Nc3 Rf5 24. Be3 Kf7 25. b4 cxb4 26. Nd5 Be4 27. Nc7 a6 28. Rd1 Ke7 29. Na8 Ke6 30. Rc1 Bc6 31. Re1 d5 32. Nb6 e4 33. Rd1 Rf3 34. Bd4 Bd6 35. Kg2 Be5 36. Bc5 b3 37. axb3 Rxb3 38. Kh3 e3 39. Re1 d4 40. Nc4 Rc3 0-1

[Event "RUS-chT (Women)"]
[Site "Sochi"]
[Date "2025.04.27"]
[Round "2.1"]
[White "Preobrazhenskaya, Diana"]
[Black "Bodnaruk, Anastasia"]
[Result "0-1"]
[WhiteElo "2103"]
[BlackElo "2332"]
[PlyCount "140"]
[EventDate "2025.04.26"]
[EventType "team-swiss"]
[EventRounds "9"]
[EventCountry "RUS"]
[SourceTitle "CB19_2025"]
[SourceDate "2025.05.07"]
[SourceVersion "1"]
[SourceVersionDate "2025.05.07"]
[SourceQuality "1"]
[WhiteTeam "Moscow Botvinnik School (W)"]
[BlackTeam "St Petersburg SSHOR (W)"]
[WhiteTeamCountry "RUS"]
[BlackTeamCountry "RUS"]

1. e4 c5 2. Nf3 a6 3. g3 Nc6 4. d4 cxd4 5. Nxd4 e5 6. Nb3 d6 7. Bg2 h6 8. 0-0 Nf6 9. Nc3 Be7 10. Kh1 0-0 11. Nd5 Nxd5 12. exd5 Na5 13. Nd2 b5 14. f4 exf4 15. Rxf4 Bf6 16. c3 Re8 17. Ne4 Be5 18. Rf1 Ra7 19. Qh5 Qd7 20. Be3 Rb7 21. Bxh6 gxh6 22. Qxh6 Bg7 23. Qxd6 Nc4 24. Nf6+ Bxf6 25. Qxf6 Rb6 26. Qd4 Rg6 27. Rae1 Nxb2 28. Be4 Rg7 29. Bf3 Nc4 30. Qf4 Bb7 31. Qd4 Rg5 32. Qh4 Rge5 33. Re4 f5 34. Rd4 Qg7 35. Qh5 Re1 36. Rxe1 Rxe1+ 37. Kg2 Nd6 38. Qh4 Qe7 39. Qh6 Nf7 40. Qg6+ Kf8 41. Qxf5 Qg5 42. Qd7 Re7 43. Qh3 Qc1 44. Qf5 Qxc3 45. Qf6 Qb2+ 46. Kh3 Bc8+ 47. g4 Re3 48. Kg3 Rd3 49. Rf4 Qxf6 50. Rxf6 Ke7 51. Rf4 Ne5 52. Kg2 Nxf3 53. Rxf3 Rxd5 54. Kg3 Rd4 55. h3 Bb7 56. Re3+ Kf6 57. a3 a5 58. h4 Be4 59. Re2 b4 60. axb4 axb4 61. Rb2 Bd5 62. Rf2+ Kg7 63. g5 Be6 64. Rf6 Re4 65. h5 b3 66. Rg6+ Kf7 67. Rf6+ Ke7 68. h6 Rg4+ 69. Kf3 b2 70. h7 b1Q 0-1

[Event "Titled Tuesday intern op 25th Mar Early"]
[Site "Chess.com INT"]
[Date "2025.03.25"]
[Round "5"]
[White "Bodnaruk, Anastasia"]
[Black "Cuellar Montes, Alejandro"]
[Result "1-0"]
[WhiteElo "2334"]
[BlackElo "2216"]
[PlyCount "113"]
[EventDate "2025.03.25"]
[EventType "swiss (blitz)"]
[EventRounds "11"]
[EventCountry "USA"]
[SourceTitle "CB14_2025"]
[SourceDate "2024.11.01"]
[SourceVersion "1"]
[SourceVersionDate "2024.11.01"]
[SourceQuality "1"]

1. e4 e5 2. Nf3 Nc6 3. Bb5 a6 4. Ba4 Nf6 5. 0-0 Be7 6. Re1 b5 7. Bb3 0-0 8. c3 d5 9. d4 exd4 10. e5 Ne4 11. cxd4 Bg4 12. Be3 Na5 13. Bc2 Nc4 14. b3 Nxe3 15. Rxe3 Bf5 16. Nbd2 Nxd2 17. Qxd2 Bg4 18. h3 Be6 19. Ree1 Rc8 20. Qd3 g6 21. Qe3 c5 22. dxc5 Bxc5 23. Qe2 d4 24. Red1 Qb6 25. Ng5 Bd5 26. Be4 Be6 27. Bf3 Bf5 28. Be4 Be6 29. Bd3 Bd5 30. Qg4 Be7 31. h4 h6 32. Ne4 Bxe4 33. Bxe4 h5 34. Qg3 Rc3 35. Rd3 Rxd3 36. Bxd3 Qe6 37. f4 Rc8 38. f5 Qb6 39. fxg6 fxg6 40. Bxg6 Kh8 41. Bxh5 d3+ 42. Kh2 Qd4 43. Rd1 d2 44. Kh3 Rg8 45. Bg4 Bd8 46. e6 Bc7 47. Qf3 Qe5 48. g3 Bd6 49. Rxd2 Rf8 50. Qd3 Qe1 51. h5 Qh1+ 52. Rh2 Qe1 53. Qd4+ Be5 54. Qd3 Rf6 55. e7 Bxg3 56. Qd8+ Kh7 57. e8Q 1-0

[Event "Titled Tuesday intern op 25th Mar Early"]
[Site "Chess.com INT"]
[Date "2025.03.25"]
[Round "1"]
[White "Bodnaruk, Anastasia"]
[Black "Mesquita, Eduardo Barbosa"]
[Result "1-0"]
[WhiteElo "2334"]
[BlackElo "2014"]
[PlyCount "103"]
[EventDate "2025.03.25"]
[EventType "swiss (blitz)"]
[EventRounds "11"]
[EventCountry "USA"]
[SourceTitle "CB14_2025"]
[SourceDate "2024.11.01"]
[SourceVersion "1"]
[SourceVersionDate "2024.11.01"]
[SourceQuality "1"]

1. e4 c5 2. Nc3 a6 3. g3 e6 4. Bg2 Ne7 5. Nge2 d5 6. d4 cxd4 7. Nxd4 e5 8. Nb3 d4 9. Ne2 Nbc6 10. 0-0 Ng6 11. f4 f6 12. fxe5 fxe5 13. Kh1 Be7 14. c3 d3 15. Ng1 Bf6 16. Be3 0-0 17. Qd2 Be6 18. Nc5 Bc8 19. Rad1 Bg4 20. Bf3 Bxf3+ 21. Nxf3 Qc8 22. Qxd3 Qh3 23. Nxb7 Kh8 24. Nd6 Rad8 25. Qc4 Nb8 26. Nf7+ Rxf7 27. Qxf7 Rf8 28. Qc4 h5 29. Qe2 Nc6 30. Ng5 Qg4 31. Qxg4 hxg4 32. Ne6 Re8 33. Nc7 Rc8 34. Nxa6 Ra8 35. b4 Nce7 36. b5 Nc8 37. a4 Nge7 38. c4 Na7 39. c5 Nac8 40. c6 Nxc6 41. Nc7 Rxa4 42. bxc6 Rxe4 43. Bg1 Re2 44. Rxf6 gxf6 45. Rd8+ Kg7 46. Rxc8 f5 47. Ne6+ Kg6 48. c7 f4 49. Rg8+ Kf5 50. c8Q Ke4 51. Qc4+ Kf3 52. Ng5# 1-0

[Event "Titled Tuesday intern op 25th Mar Early"]
[Site "Chess.com INT"]
[Date "2025.03.25"]
[Round "8"]
[White "Bodnaruk, Anastasia"]
[Black "Nazari, Arad"]
[Result "1-0"]
[WhiteElo "2334"]
[BlackElo "2425"]
[PlyCount "85"]
[EventDate "2025.03.25"]
[EventType "swiss (blitz)"]
[EventRounds "11"]
[EventCountry "USA"]
[SourceTitle "CB14_2025"]
[SourceDate "2024.11.01"]
[SourceVersion "1"]
[SourceVersionDate "2024.11.01"]
[SourceQuality "1"]

1. e4 c5 2. Nc3 d6 3. Nge2 Nc6 4. d4 cxd4 5. Nxd4 Nf6 6. Bg5 e6 7. Qd3 Bd7 8. 0-0-0 a6 9. f4 Be7 10. Nf3 Qc7 11. Kb1 Nb4 12. Qd2 d5 13. e5 Ng8 14. Nd4 h6 15. Bxe7 Nxe7 16. a3 Nbc6 17. Nxc6 bxc6 18. g4 c5 19. Rg1 Rb8 20. Bg2 Qb6 21. Qc1 Qa5 22. Ka1 0-0 23. Bf3 Rb6 24. g5 h5 25. Qd2 Nc6 26. Bxh5 Rfb8 27. Rb1 Nd4 28. Bd1 Rxb2 29. Rxb2 Qxa3+ 30. Ra2 Qb4 31. Bg4 Bb5 32. Rb1 Nxc2+ 33. Qxc2 Qxf4 34. Nxb5 axb5 35. Be2 Qxe5+ 36. Qb2 d4 37. Bxb5 c4 38. Ra5 c3 39. Qb3 c2 40. Qxc2 d3+ 41. Qb2 Qc7 42. Ra4 Qf4 43. Rxf4 1-0

[Event "Titled Tuesday intern op 25th Mar Early"]
[Site "Chess.com INT"]
[Date "2025.03.25"]
[Round "9"]
[White "Bodnaruk, Anastasia"]
[Black "Srihari, LR."]
[Result "0-1"]
[WhiteElo "2334"]
[BlackElo "2498"]
[PlyCount "108"]
[EventDate "2025.03.25"]
[EventType "swiss (blitz)"]
[EventRounds "11"]
[EventCountry "USA"]
[SourceTitle "CB14_2025"]
[SourceDate "2024.11.01"]
[SourceVersion "1"]
[SourceVersionDate "2024.11.01"]
[SourceQuality "1"]

1. e4 a6 2. d4 e6 3. Nc3 d5 4. e5 c5 5. f4 cxd4 6. Nce2 Nc6 7. Nf3 Bc5 8. Nexd4 Nge7 9. c3 Qb6 10. Be2 Bxd4 11. Nxd4 Nxd4 12. Qxd4 Qxd4 13. cxd4 Nf5 14. Bd2 Nxd4 15. Rc1 Bd7 16. Bb4 Bc6 17. Bd3 Kd7 18. Kd2 Bb5 19. g4 Bxd3 20. Kxd3 Nc6 21. Ba3 h5 22. h3 hxg4 23. hxg4 g6 24. g5 Rac8 25. Bd6 a5 26. Ke3 Rxh1 27. Rxh1 Ne7 28. Kd3 Nf5 29. Ba3 b5 30. b3 b4 31. Bb2 Ke7 32. Rh3 Rc7 33. a3 bxa3 34. Bxa3+ Kd7 35. Rh7 Kc6 36. Rh8 Rb7 37. Kc3 Ng3 38. Rf8 Ne2+ 39. Kd2 Nxf4 40. Bd6 Nh3 41. Rc8+ Kd7 42. Ra8 Nxg5 43. Bf8 Rxb3 44. Rxa5 Nf3+ 45. Kc2 Nd4+ 46. Kd2 Rb7 47. Ra8 Nf3+ 48. Ke3 Nxe5 49. Bg7 Nc6 50. Kf4 Rb8 51. Ra2 Ke7 52. Bc3 f6 53. Rh2 e5+ 54. Kf3 Rb3 0-1

[Event "Samarkand (Women) op 3rd"]
[Site "Samarkand"]
[Date "2025.03.18"]
[Round "9"]
[White "Bodnaruk, Anastasia"]
[Black "Sliwicka, Alicja"]
[Result "0-1"]
[WhiteElo "2334"]
[BlackElo "2342"]
[PlyCount "112"]
[EventDate "2025.03.09"]
[EventType "swiss"]
[EventRounds "9"]
[EventCountry "UZB"]
[SourceTitle "CB13_2025"]
[SourceDate "2025.03.26"]
[SourceVersion "1"]
[SourceVersionDate "2025.03.26"]
[SourceQuality "1"]

1. e4 e5 2. Nf3 Nc6 3. Bb5 a6 4. Ba4 Nf6 5. d3 Bc5 6. c3 d6 7. Bg5 h6 8. Bh4 g5 9. Bg3 Ba7 10. Nbd2 Bd7 11. Nf1 Nh5 12. d4 b5 13. Bb3 Nxg3 14. Nxg3 g4 15. d5 Na5 16. Nd2 Nxb3 17. axb3 h5 18. Qe2 Qg5 19. b4 Rh6 20. 0-0 h4 21. Nf5 Bxf5 22. exf5 Bb6 23. Kh1 Kf8 24. c4 bxc4 25. Nxc4 Bd4 26. Ne3 g3 27. Ng4 gxf2 28. Nxf2 Bxf2 29. Rxf2 Rb8 30. Qxa6 Rxb4 31. Qc8+ Kg7 32. Qxc7 Rf6 33. Qc8 Rd4 34. Raf1 Qg4 35. Qc3 Qe4 36. Qf3 Qxf3 37. Rxf3 Rxd5 38. b4 Rd4 39. Rb1 d5 40. b5 Rb6 41. f6+ Kg6 42. h3 Rc4 43. Re1 Rxb5 44. Kh2 Re4 45. Ra1 Rb6 46. Raf1 Re2 47. Kh1 Rbb2 48. Rg1 Rf2 49. Rxf2 Rxf2 50. g3 hxg3 51. Rxg3+ Kh5 52. Rg8 Rxf6 53. Rd8 d4 54. Kg2 Kg5 55. Kg3 Kf5 56. Kf3 Ra6 0-1

[Event "Samarkand (Women) op 3rd"]
[Site "Samarkand"]
[Date "2025.03.14"]
[Round "6"]
[White "Shukhman, Anna"]
[Black "Bodnaruk, Anastasia"]
[Result "1-0"]
[WhiteElo "2365"]
[BlackElo "2334"]
[PlyCount "114"]
[EventDate "2025.03.09"]
[EventType "swiss"]
[EventRounds "9"]
[EventCountry "UZB"]
[SourceTitle "CB13_2025"]
[SourceDate "2025.03.26"]
[SourceVersion "1"]
[SourceVersionDate "2025.03.26"]
[SourceQuality "1"]

1. e4 c5 2. Nf3 d6 3. d4 cxd4 4. Nxd4 Nf6 5. f3 e5 6. Nb3 Be7 7. c4 a5 8. Be3 0-0 9. Nc3 a4 10. Nd2 a3 11. b3 Nc6 12. Be2 Nd7 13. Nd5 Bg5 14. Bf2 Nc5 15. b4 Na4 16. h4 Bh6 17. g4 g6 18. g5 Bg7 19. Nb3 Be6 20. Qd2 Rc8 21. Rc1 Bxd5 22. exd5 Ne7 23. c5 Nf5 24. Bb5 Nb2 25. c6 bxc6 26. dxc6 d5 27. Ba6 e4 28. fxe4 Qe7 29. 0-0 Qxe4 30. Qe2 Qf4 31. Be1 Qd6 32. Bxc8 Rxc8 33. b5 Nc4 34. Rxc4 dxc4 35. Qxc4 Kh8 36. Qe4 Qb8 37. Rxf5 gxf5 38. Qxf5 Re8 39. Bf2 Qd6 40. Qd7 Qxd7 41. cxd7 Rd8 42. Nc5 Bf8 43. b6 Bxc5 44. Bxc5 Rxd7 45. Bxa3 Kg8 46. Bc5 Rd1+ 47. Kf2 Rd2+ 48. Ke3 Rxa2 49. Ke4 Rb2 50. Kd5 h6 51. gxh6 Kh7 52. Kc6 f5 53. b7 Rxb7 54. Kxb7 Kxh6 55. Kc6 Kh5 56. Bf2 Kg4 57. Kd5 f4 1-0

[Event "Titled Tuesday intern op 04th Mar Early"]
[Site "Chess.com INT"]
[Date "2025.03.04"]
[Round "2"]
[White "Bodnaruk, Anastasia"]
[Black "Duda, Jan Krzysztof"]
[Result "0-1"]
[WhiteElo "2334"]
[BlackElo "2739"]
[PlyCount "88"]
[EventDate "2025.03.04"]
[EventType "swiss (blitz)"]
[EventRounds "11"]
[EventCountry "USA"]
[SourceTitle "CB11_2025"]
[SourceDate "2025.03.12"]
[SourceVersion "1"]
[SourceVersionDate "2025.03.12"]
[SourceQuality "1"]

1. e4 g6 2. d4 Bg7 3. Nc3 c5 4. Nf3 cxd4 5. Nxd4 Nc6 6. Be3 Nf6 7. Bc4 Qa5 8. 0-0 0-0 9. h3 Qb4 10. Bb3 Nxe4 11. Nxe4 Nxd4 12. c3 Ne2+ 13. Qxe2 Qxe4 14. Rad1 e6 15. f3 Qc6 16. Bd4 b6 17. Bxg7 Kxg7 18. Qe5+ f6 19. Qd6 Qxd6 20. Rxd6 Kf7 21. Rfd1 Ke7 22. f4 b5 23. a4 Rb8 24. a5 Rb7 25. Kf2 Rc7 26. R1d2 Bb7 27. R6d3 Be4 28. Rd4 d5 29. Bc2 Bxc2 30. Rxc2 Rc4 31. Ke3 Rfc8 32. g3 b4 33. Kd3 bxc3 34. bxc3 Rxd4+ 35. Kxd4 Rb8 36. c4 Rb4 37. Kc5 Rxc4+ 38. Rxc4 dxc4 39. Kxc4 Kd6 40. a6 e5 41. Kd3 Kd5 42. Ke3 e4 43. g4 f5 44. g5 Kc4 0-1

[Event "Titled Tuesday intern op 04th Mar Early"]
[Site "Chess.com INT"]
[Date "2025.03.04"]
[Round "6"]
[White "Bodnaruk, Anastasia"]
[Black "Ernst, Luca"]
[Result "1-0"]
[WhiteElo "2334"]
[BlackElo "2225"]
[PlyCount "141"]
[EventDate "2025.03.04"]
[EventType "swiss (blitz)"]
[EventRounds "11"]
[EventCountry "USA"]
[SourceTitle "CB11_2025"]
[SourceDate "2025.03.12"]
[SourceVersion "1"]
[SourceVersionDate "2025.03.12"]
[SourceQuality "1"]

1. e4 e5 2. Nf3 Nc6 3. Bb5 a6 4. Ba4 f5 5. d3 fxe4 6. dxe4 b5 7. Bb3 Nf6 8. Ng5 d5 9. exd5 Nd4 10. Nc3 Bg4 11. f3 Bf5 12. 0-0 Bc5 13. Kh1 Bd6 14. Nce4 0-0 15. Be3 Nxb3 16. axb3 Qe7 17. c4 Nxe4 18. Nxe4 Bxe4 19. fxe4 Rxf1+ 20. Qxf1 Qh4 21. Qd3 bxc4 22. bxc4 Rb8 23. c5 Bf8 24. Qc2 Rb4 25. Bf2 Qf4 26. Re1 Rb5 27. d6 cxd6 28. c6 Qg4 29. Qc4+ d5 30. Qa2 Kh8 31. exd5 Bb4 32. Rc1 Qf4 33. Rf1 Rc5 34. Qxa6 h5 35. c7 Rxc7 36. Qa8+ Kh7 37. Kg1 Rf7 38. Qc6 Bd2 39. Qc2+ g6 40. d6 Be3 41. Qe2 Bxf2+ 42. Qxf2 Qxf2+ 43. Rxf2 Rd7 44. Rd2 Kg7 45. Kf2 Kf6 46. Ke3 Ke6 47. Ke4 Rb7 48. d7 Rxd7 49. Rxd7 Kxd7 50. Kxe5 Ke7 51. h4 Kf7 52. b4 Ke7 53. b5 Kd7 54. Kf6 Kc7 55. Kxg6 Kb6 56. Kxh5 Kxb5 57. Kg6 Kc6 58. h5 Kd7 59. h6 Ke6 60. h7 Ke5 61. h8Q+ Kf4 62. Qd4+ Kg3 63. Qe4 Kh2 64. g4 Kh3 65. g5 Kg3 66. Qf5 Kh2 67. Qg4 Kh1 68. Kf5 Kh2 69. Kf4 Kh1 70. Kf3 Kh2 71. Qg2# 1-0

[Event "Titled Tuesday intern op 04th Mar Early"]
[Site "Chess.com INT"]
[Date "2025.03.04"]
[Round "5"]
[White "Vasilenok, Anton"]
[Black "Bodnaruk, Anastasia"]
[Result "0-1"]
[WhiteElo "2137"]
[BlackElo "2334"]
[PlyCount "60"]
[EventDate "2025.03.04"]
[EventType "swiss (blitz)"]
[EventRounds "11"]
[EventCountry "USA"]
[SourceTitle "CB11_2025"]
[SourceDate "2025.03.12"]
[SourceVersion "1"]
[SourceVersionDate "2025.03.12"]
[SourceQuality "1"]

1. e4 c5 2. Nf3 d6 3. d4 cxd4 4. Nxd4 Nf6 5. Nc3 a6 6. Bg5 Nbd7 7. Qe2 h6 8. Bd2 g6 9. 0-0-0 Bg7 10. f4 e5 11. Nb3 0-0 12. g4 b5 13. g5 hxg5 14. fxg5 Nh5 15. Nd5 Bb7 16. Be3 Bxd5 17. exd5 e4 18. Bd4 Qxg5+ 19. Kb1 Rae8 20. Bxg7 Kxg7 21. Bh3 Nf4 22. Qe3 Nxh3 23. Qxh3 Ne5 24. Rhg1 Qh6 25. Qg3 Nf3 26. Rg2 Re5 27. a3 Rg5 28. Qf2 Rxg2 29. Qxg2 Qxh2 30. Qg4 f5 0-1

[Event "Titled Tuesday intern op 25th Feb Early"]
[Site "Chess.com INT"]
[Date "2025.02.25"]
[Round "6"]
[White "Ankit, Ray"]
[Black "Bodnaruk, Anastasia"]
[Result "0-1"]
[WhiteElo "2288"]
[BlackElo "2334"]
[PlyCount "126"]
[EventDate "2025.02.25"]
[EventType "swiss (blitz)"]
[EventRounds "11"]
[EventCountry "USA"]
[SourceTitle "CB10_2025"]
[SourceDate "2025.03.05"]
[SourceVersion "1"]
[SourceVersionDate "2025.03.05"]
[SourceQuality "1"]

1. Nf3 Nf6 2. g3 g6 3. Bg2 Bg7 4. 0-0 0-0 5. d4 d5 6. c4 c6 7. a4 dxc4 8. Na3 Na6 9. Nxc4 Nb4 10. b3 Bf5 11. Ne1 c5 12. Ba3 Ne4 13. Bxb4 cxb4 14. e3 a5 15. Nd3 Qc7 16. Rc1 Nc3 17. Qd2 Rad8 18. Nc5 b6 19. Nd3 e5 20. d5 Nxd5 21. e4 Nc3 22. exf5 Qd7 23. Nxb6 Qxd3 24. Qxd3 Rxd3 25. fxg6 hxg6 26. Nc4 Ne2+ 27. Kh1 Nxc1 28. Rxc1 Rxb3 29. Nxa5 Ra3 30. Bc6 Rc8 31. Rb1 Bf8 32. Bb5 e4 33. Nc6 b3 34. Nd4 Bc5 35. Nxb3 Bxf2 36. Nc1 Ba7 37. Ne2 e3 38. Rf1 Rc2 39. Kg2 Raa2 40. Kf3 Kg7 41. Rd1 Rd2 42. Rc1 Rac2 43. Rb1 f5 44. Rb3 g5 45. h3 g4+ 46. hxg4 fxg4+ 47. Kxg4 Rxe2 48. Bxe2 Rxe2 49. Rb7+ Kf6 50. Rxa7 Rf2 51. Ra6+ Ke5 52. Ra5+ Kd4 53. Ra8 e2 54. Re8 Kd3 55. a5 Rf1 56. a6 e1Q 57. Rxe1 Rxe1 58. Kf5 Rf1+ 59. Kg5 Ke4 60. g4 Ra1 61. Kh5 Rxa6 62. g5 Kf5 63. Kh4 Rg6 0-1

[Event "Titled Tuesday intern op 25th Feb Early"]
[Site "Chess.com INT"]
[Date "2025.02.25"]
[Round "3"]
[White "Bodnaruk, Anastasia"]
[Black "Baches Garcia, Guillermo"]
[Result "1-0"]
[WhiteElo "2334"]
[BlackElo "2318"]
[PlyCount "35"]
[EventDate "2025.02.25"]
[EventType "swiss (blitz)"]
[EventRounds "11"]
[EventCountry "USA"]
[SourceTitle "CB10_2025"]
[SourceDate "2025.03.05"]
[SourceVersion "1"]
[SourceVersionDate "2025.03.05"]
[SourceQuality "1"]

1. e4 c5 2. Nc3 a6 3. g3 b5 4. Bg2 Bb7 5. Nge2 e6 6. d4 cxd4 7. Nxd4 d6 8. 0-0 Nf6 9. Re1 Qc7 10. a4 bxa4 11. Nd5 Qd8 12. Bg5 Nc6 13. Nxc6 Bxc6 14. Nxf6+ gxf6 15. Bxf6 Qxf6 16. e5 dxe5 17. Bxc6+ Ke7 18. Qd7# 1-0

[Event "Titled Tuesday intern op 25th Feb Early"]
[Site "Chess.com INT"]
[Date "2025.02.25"]
[Round "5"]
[White "Bodnaruk, Anastasia"]
[Black "Maksimovic, Bojan"]
[Result "0-1"]
[WhiteElo "2334"]
[BlackElo "2505"]
[PlyCount "114"]
[EventDate "2025.02.25"]
[EventType "swiss (blitz)"]
[EventRounds "11"]
[EventCountry "USA"]
[SourceTitle "CB10_2025"]
[SourceDate "2025.03.05"]
[SourceVersion "1"]
[SourceVersionDate "2025.03.05"]
[SourceQuality "1"]

1. e4 c5 2. Nc3 e6 3. Nge2 a6 4. g3 b5 5. Bg2 Bb7 6. d4 cxd4 7. Nxd4 Nc6 8. 0-0 Nxd4 9. Qxd4 Ne7 10. Bg5 f6 11. Be3 Nc6 12. Qd2 Ne5 13. b3 Rc8 14. Ne2 Qc7 15. c3 Ng4 16. a4 Nxe3 17. Qxe3 Bc5 18. Qd3 bxa4 19. Rxa4 0-0 20. Nd4 Qb6 21. b4 Bxd4 22. Qxd4 Qxd4 23. cxd4 Rc4 24. Rd1 Rfc8 25. Bf1 Rc1 26. Ra1 Rxd1 27. Rxd1 Bxe4 28. Bxa6 Rc2 29. Bd3 Bxd3 30. Rxd3 Rb2 31. d5 e5 32. Rc3 Kf7 33. Rc7 Ke7 34. Rb7 Rd2 35. Rb5 Kd6 36. Rb8 Rxd5 37. Rg8 g5 38. Rh8 Rb5 39. Rxh7 Rxb4 40. h4 gxh4 41. gxh4 Ke6 42. h5 d5 43. h6 Rh4 44. Kg2 Kf5 45. Kg3 Rh1 46. Rd7 d4 47. h7 Ke4 48. Kg4 d3 49. Rd6 f5+ 50. Kg5 Rxh7 51. f3+ Ke3 52. Kxf5 Re7 53. Kf6 Re8 54. Kf7 Rh8 55. Kf6 Rh6+ 56. Kxe5 Rxd6 57. Kxd6 Kxf3 0-1